| 000 | 00000nam 22000008a 4500 |
| 001 | 9.841623 |
| 003 | CaOODSP |
| 005 | 20221107152131 |
| 007 | cr ||||||||||| |
| 008 | 170914s1968 onc o f000 0 eng d |
| 040 | |aCaOODSP|beng |
| 043 | |an-cn-on |
| 086 | 1 |aR5-372/1968E-PDF |
| 245 | 00|aFunctional design report |h[electronic resource] : |bsewerage system, Oneida Indian reserve / |cTriton Engineering Services Limited. |
| 246 | 15|aFunctional design report to the Department of Indian Affairs and Northern Development on a sanitary sewerage system for the Oneida Indian Reserve |
| 260 | |aBrampton : |bTriton Engineering Services Limited, |c1968. |
| 300 | |a1 v. (various pagings) |
| 500 | |a"March 1968." |
| 500 | |aDigitized edition from print [produced by Indigenous and Northern Affairs Canada]. |
| 520 | |aAs part of a proposal to build a school on the Oneida Indian reserve, Triton Engineering Services was contracted to provide a preliminary design report for the sewerage system. |
| 692 | 07|2gccst|aCommunity infrastructures |
| 692 | 07|2gccst|aWaste management |
| 710 | 1 |aTriton Engineering Services Limited. |
| 710 | 1 |aCanada. |bIndian and Northern Affairs Canada. |
| 856 | 40|qPDF|s4.47 MB|uhttps://publications.gc.ca/collections/collection_2017/aanc-inac/R5-372-1968-eng.pdf |